Strategic Management (Record no. 34740)
[ view plain ]
| 000 -LEADER | |
|---|---|
| fixed length control field | 00441nam a22001937a 4500 |
| 005 - DATE AND TIME OF LATEST TRANSACTION | |
| control field | 20231128185903.0 |
| 008 - FIXED-LENGTH DATA ELEMENTS--GENERAL INFORMATION | |
| fixed length control field | 231128b |||||||| |||| 00| 0 eng d |
| 020 ## - INTERNATIONAL STANDARD BOOK NUMBER | |
| ISBN | 9780130998491 |
| 082 ## - DEWEY DECIMAL CLASSIFICATION NUMBER | |
| Classification number | 658.4012 |
| Item number | DAV-S |
| 100 ## - MAIN ENTRY--AUTHOR | |
| Author Name | David,Fred R. |
| 245 ## - TITLE STATEMENT | |
| Title | Strategic Management |
| 250 ## - EDITION STATEMENT | |
| Edition statement | 7th.ed. |
| 260 ## - PUBLICATION, DISTRIBUTION, ETC. | |
| Place of Publication | USA |
| Date of publication, distribution, etc. | 1999 |
| 300 ## - PHYSICAL DESCRIPTION | |
| Pages | 523 |
| 500 ## - GENERAL NOTE | |
| General note | Include Index |
| 650 ## - SUBJECT ADDED ENTRY--TOPICAL TERM | |
| Subject / Department | management |
| 700 ## - ADDED ENTRY--PERSONAL NAME | |
| Personal name | Fred R.David |
| 952 ## - LOCATION AND ITEM INFORMATION (KOHA) | |
| -- | 0 |
| -- | 0 |
| Lost status | Damaged status | Collection code | Permanent Location | Current Location | Shelving Location | Date acquired | Full Call Number | Accession No./Barcode | Date last seen | item type | Koha item type |
|---|---|---|---|---|---|---|---|---|---|---|---|
| Management | Superior Information Resource Center (SIRC) Superior University- Central Library | Superior Information Resource Center (SIRC) Superior University- Central Library | Management | 11/28/2023 | 658.4012DAV-S 1999 | 29021 | 11/28/2023 | BOOK | BOOK |
